Blitz: Just in Time! Quiz Stats

Quiz Updated Jul 17, 2012

Also try: Three of a Kind
Challenge
Share
Tweet
Embed
Score 0/30 Timer 01:00
0 Plays Today
Day, Month, or Time Answer % Correct
Day of WeekMonday
99%
Day of WeekTuesday
98.5%
Day of WeekSunday
98%
Day of WeekFriday
97.7%
Day of WeekThursday
97.6%
Day of WeekSaturday
97.3%
Day of WeekWednesday
97.3%
MonthJanuary
96.6%
MonthJune
96.3%
MonthJuly
96%
MonthMay
96%
MonthApril
95.9%
MonthMarch
95.9%
MonthAugust
94.8%
MonthFebruary
94.1%
Day, Month, or Time Answer % Correct
MonthSeptember
93.8%
MonthOctober
93.1%
MonthNovember
92.6%
MonthDecember
92.1%
01/23/2011 05:30:XXSecond
44.9%
01/23/2011 05:XX:24Minute
43.7%
01/XX/2011 05:30:24Day
43.3%
01/23/2011 XX:30:24Hour
42.9%
XX/23/2011 05:30:24Month
37.6%
7 of the above answerWeek
37.6%
01/23/XXXX 05:30:24Year
36.9%
10 of the above answerDecade
27.9%
10 of the above answerCentury
22.7%
2 of the above answerFortnight
21.9%
10 of the above answerMillennium
16.3%

You're not logged in!

Compare scores with friends on all Sporcle quizzes.
Sign Up with Email
OR
Log In

You Might Also Like...

Show Comments

Extras

Top Quizzes Today


Score Distribution

Your Account Isn't Verified!

In order to create a playlist on Sporcle, you need to verify the email address you used during registration. Go to your Sporcle Settings to finish the process.